[Event "Sant Boi op"]
[Site "Sant Boi de Llobregat"]
[Date "2016.10.22"]
[Round "4.2"]
[White "Tordera Jumilla, Joaquim"]
[Black "Morral Esteve, Salvador"]
[Result "0-1"]
[WhiteElo "1383"]
[BlackElo "1279"]
[PlyCount "95"]
[EventDate "2016.10.01"]
[EventType "tourn"]
[EventRounds "9"]
[EventCountry "ESP"]
[SourceTitle "EXT 2024"]
[Source "ChessBase"]
[SourceDate "2023.10.10"]
[SourceVersion "1"]
[SourceVersionDate "2023.10.10"]
[SourceQuality "1"]

1. e4 b6 2. Nf3 Bb7 3. Nc3 e6 4. a3 Nf6 5. Bd3 d6 6. Qe2 Nbd7 7. b4 a5 8. Bc4 axb4 9. Nb5 Be7 10. Rb1 bxa3 11. e5 dxe5 12. Nxe5 Nxe5 13. Qxe5 Bd6 14. Nxd6+ cxd6 15. Qb5+ Qd7 16. 0-0 Qxb5 17. Bxb5+ Nd7 18. Bd3 0-0 19. Ra1 a2 20. Bb2 Ba6 21. Rfe1 Bxd3 22. cxd3 Ne5 23. Bxe5 dxe5 24. Rxe5 Rfc8 25. Ree1 b5 26. f4 f5 27. Kf2 Kf7 28. d4 Rc2 29. Ke3 Rb2 30. Kd3 b4 31. Rec1 Ra3+ 32. Ke2 b3 33. Kd3 h6 34. Kc3 Rxd2 35. Kb4 b2 36. Kxa3 bxc1Q+ 37. Rxc1 Rxg2 38. Ra1 Rxh2 39. Kb3 Rf2 40. Kc4 Rxf4 41. Rxa2 g5 42. Ra7+ Kf6 43. Ra6 g4 44. Kc5 Re4 45. d5 Re5 46. Rd6 Rxd5+ 47. Kc6 Rxd6+ 48. Kxd6 0-1

[Event "Sant Boi City-ch Promocio"]
[Site "Sant Boi de Llobregat"]
[Date "2015.10.10"]
[Round "2.2"]
[White "Perez Serrallonga, Maxima"]
[Black "Morral Esteve, Salvador"]
[Result "1-0"]
[WhiteElo "1739"]
[BlackElo "1655"]
[PlyCount "109"]
[EventDate "2015.10.03"]
[EventType "swiss"]
[EventRounds "9"]
[EventCountry "ESP"]
[SourceTitle "EXT 2024"]
[Source "ChessBase"]
[SourceDate "2023.10.10"]
[SourceVersion "1"]
[SourceVersionDate "2023.10.10"]
[SourceQuality "1"]

1. d4 Nf6 2. c4 g6 3. e3 Bg7 4. Nf3 d5 5. Nc3 0-0 6. Be2 c5 7. 0-0 Nc6 8. dxc5 dxc4 9. Qc2 Nb4 10. Qb1 Qc7 11. a3 Nc6 12. Bxc4 Ne5 13. Nxe5 Qxe5 14. Ne2 Bf5 15. Qa2 Qxc5 16. Bd2 a5 17. Rac1 Qd6 18. Rfd1 Qe5 19. Bc3 Qc7 20. Bxf6 e5 21. Bxg7 Kxg7 22. Ng3 Rad8 23. Nxf5+ gxf5 24. Be2 Rxd1+ 25. Rxd1 Rd8 26. h3 Rxd1+ 27. Bxd1 Qc1 28. Qb3 Qd2 29. Bh5 Qd7 30. f4 exf4 31. exf4 Qd4+ 32. Kh1 Qd7 33. Bf3 b5 34. Qc3+ f6 35. Qxa5 Qd3 36. Qc7+ Kg6 37. Qb8 Qd7 38. Qg8+ Kh6 39. Qf8+ Qg7 40. Qc5 Qd7 41. Qf2 Kg7 42. Qg3+ Kf7 43. Bh5+ Ke6 44. Qe3+ Kd6 45. Be2 Kc6 46. Qc3+ Kb6 47. Qxf6+ Qc6 48. Qxf5 Ka5 49. b4+ Ka4 50. Bd1+ Kxa3 51. Qb1 Qc3 52. Qb3+ Qxb3 53. Bxb3 Kxb3 54. f5 Kxb4 55. f6 1-0